Statistiques concernant Focus sur: Meriadoc Brandebouc - Tolkien

Cliquez ici pour prendre le quiz!

Statistiques générales

  • Ce quiz a été pris 32 fois
  • Le résultat moyen est 10 sur 20

Statistiques - réponses

Informations recherchéesRéponses% Correct
Groupe auquel il appartientFraternité de l'Anneau
100%
EspèceHobbit
100%
Première apparitionLe Seigneur des Anneaux: La Communauté de l'Anneau
100%
SurnomMerry (le Magnifique)
100%
ContréeComté
97%
Age durant lequel il vécutTroisième/Quatrième
97%
Couleur des cheveuxBlond-doré
94%
Professions et titresMaître du Pays de Bouc
78%
Demeure/smialChâteau-Brande
50%
MèreEsmeralda Touc
31%
Ecuyer/chevalier du Rohan
28%
FiefPays-de-Bouc
25%
Autre traduction du nomBrandibouc
16%
Conseiller du Royaume du Nord
16%
Acteur l'interprétant dans les filmsDominic Monaghan
16%
Auteur
9%
PèreSaradoc Brandebouc
9%
Livre rédigéHerbier du Comté
6%
MontureStybba
6%
EpouseEstella Bolgeurre
3%

Distribution des résultats

Percentile par nombre de réponses

% des personnes avec chaque résultat

Votre développement - résultats

Vous n’avez pas pris ce quiz